000 00501cam a22001934a 4500
005 20250605164151.0
008 250528s ||||||||||||||||||||||||d
035 _a19387
020 _a960010879Χ
040 _aGR-AtMCL
_bgre
_dGR-AtMCL
_eAACR2
245 1 _aΕΙΣΑΓΩΓΗ ΣΤΗΝ ΟΙΚΟΝΟΜΕΤΡΙΑ ΤΟΜΟΣ 3
250 _a960
260 _bGutenberg,
_c2001
300 _a294
700 1 _aΧρηστου Γ.Κ
_95635
942 _cBK
999 _c4643
_d4643